| LEADER 00000nama 2200000uu 4500 |
| 001 200062 |
| 003 ULIBM |
| 008 040531s|||| th m m a000 0 tha d |
| 020 ^a9746577646
|
| 041 tha
|
| 050 WY157 ท756พ 2548
|
| 100 เทียมศร ทองสวัสดิ์.
|
| 245 การพยาบาลหญิงมีครรภ์ที่มีภาวะแทรกซ้อน/เทียมศร ทองสวัสดิ์.
|
| 250 พิมพ์ครั้งที่ 2 (ฉบับปรับปรุง).
|
| 260 โครงการตำรา คณะพยาบาลศาสตร์ มหาวิทยาลัยเชียงใหม่. เชียงใหม่. 2548.
|
| 300 184 หน้า.
|
| 600 I.มหาวิทยาลัยเชียงใหม่ คณะพยาบาลศาสตร์ โครงการตำรา.
|
| 650 1.การพยาบาลสูติศาสตร์ 2.ครรภ์ 3.ภาวะแทรกซ้อนระหว่างมีครรภ์--การพยาบาล.
|
| 995 001
|
| 999 ^aใช้งานได้ทุกระบบ
|